01021nam a2200181Ia 4500008004100000082001500041100001400056245004700070260002900117300000800146650003900154942001200193999001500205952016100220952014800381952014900529952016100678191201s2019 xx 000 0 und d a615.19 RAP aRAJE, V.N 0aPharmaceutical chemistry 1st for 1st year  bCBS PubaNew Delhic2019 a163 aPharmaceutical Inorganic Chemistry 2ddccBK c8203d8203 00102ddc40708DPaPIETbPIETd2019-03-25eKirti Prakashang220.00kIN 3049l17o615.19 RAPpDP33r2025-06-18 00:00:00s2025-06-03v141.90w2019-03-08yBK 00102ddc40708DPaPIETbPIETd2019-03-25eKirti Prakashang220.00kIN 3049l0o615.19 RAPpDP34r2019-12-04 00:00:00v141.90w2019-03-08yBK 00102ddc40708DPaPIETbPIETd2019-03-25eKirti Prakashang220.00kIN 3049l0o615.19 RAPpDP35r2019-12-04 00:00:00v141.90w2019-03-08yREF 00102ddc40708DPaPIETbPIETd2019-03-25eKirti Prakashang220.00kIN 3049l14o615.19 RAPpDP36r2026-05-30 09:11:05s2026-05-14v141.90w2019-03-08yBK